书目信息 |
| 题名: |
二十世纪西方文艺批评理论
|
|
| 作者: | 朱刚, 编著 | |
| 分册: | ||
| 出版信息: | 上海 上海外语教育出版社 2001.10 |
|
| 页数: | 370页 | |
| 开本: | 22cm | |
| 丛书名: | 高等院校英语语言文学专业研究生系列教材 | |
| 单 册: | ||
| 中图分类: | I06-43 | |
| 科图分类: | ||
| 主题词: | CT--文艺批评 , CT--文艺理论 , 文艺批评--文艺理论--西方国家--研究生--教材--英文 | |
| 电子资源: | ||
| ISBN: | 7-81080-205-4 | |
| 000 | 00974nam 2200265 450 | |
| 001 | CAL 012002024541 | |
| 005 | 20060529105147.40 | |
| 010 | @a7-81080-205-4@dCNY 17.30 | |
| 099 | @aCAL 012002024541@aCAL 012002128757 | |
| 100 | @a20020314d2001 em y0chiy0110 ea | |
| 101 | 0 | @aeng@gchi |
| 102 | @aCN@b310000 | |
| 200 | 1 | @a二十世纪西方文艺批评理论@Aer shi shi ji xi fang wen yi pi ping li lun@d= Twentieth Century Western Critical Theories@e[英文本]@f朱刚编著@Fzhu gang bian zhu@zeng |
| 210 | @a上海@c上海外语教育出版社@d2001.10 | |
| 215 | @a370页@d22cm | |
| 225 | 2 | @a高等院校英语语言文学专业研究生系列教材 |
| 410 | 0 | @12001 @a高等院校英语语言文学专业研究生系列教材 |
| 510 | 1 | @aTwentieth Century Western Critical Theories@zeng |
| 606 | 0 | @2CT@a文艺批评 |
| 606 | 0 | @2CT@a文艺理论 |
| 606 | 0 | @a文艺批评@x文艺理论@y西方国家@x研究生@j教材@j英文 |
| 690 | @aI06-43@v4 | |
| 701 | 0 | @a朱刚,@AZhu Gang@f1956-@4编著 |
| 801 | 0 | @c20060529 |
| 905 | @a10447@dI06-43@eZ842 | |
| 二十世纪西方文艺批评理论= Twentieth Century Western Critical Theories:[英文本]/朱刚编著.-上海:上海外语教育出版社,2001.10 |
| 370页;22cm.-(高等院校英语语言文学专业研究生系列教材) |
| ISBN 7-81080-205-4:CNY 17.30 |
| ● |
| 相关链接 |
|
|
|
正题名:二十世纪西方文艺批评理论
索取号:I06-43/Z842
 
预约/预借
| 序号 | 登录号 | 条形码 | 馆藏地/架位号 | 状态 | 备注 |
| 1 | 603655 | 206036555 | 文学库108/108文学库 1排5列3层/ [索取号:I06-43/Z842] | 在馆 | |
| 2 | 603656 | 206036564 | 文学库108/108文学库 1排5列3层/ [索取号:I06-43/Z842] | 在馆 |